| 000 | 01262nmc a2200421 a 4500 | ||
|---|---|---|---|
| 003 | AR-BaBNM | ||
| 005 | 20251128204336.0 | ||
| 008 | 011101s1992 ||||||||||||||000 | spa|| | ||
| 020 | _a84-7046-271-7 | ||
| 040 | _cAR-BaBNM | ||
| 245 | 1 | 0 |
_aProblemas escolares _bdislexia, discalculia, dislalia |
| 250 | _a2ª ed. | ||
| 260 |
_aBogotá _bCincel-Kapelusz _c1992 |
||
| 300 | 0 |
_a207 p. _bgráfs., il., tablas |
|
| 490 | 0 |
_aBiblioteca de psicología y educación _vv. 11 |
|
| 504 | _aContiene bibliografía | ||
| 650 | 4 | _aPSICOLOGIA DEL NINO | |
| 650 | 4 | _aDIFICULTADES EN EL APRENDIZAJE | |
| 650 | 4 | _aEDUCACION ESPECIAL | |
| 650 | 4 | _aPSICOMOTRICIDAD | |
| 650 | 4 | _aPRUEBAS DE DIAGNOSTICO | |
| 650 | 4 | _aPSICODIAGNOSTICO | |
| 650 | 4 | _aLENGUAJE | |
| 650 | 4 | _aLENGUAJE DEL NINO | |
| 653 | 0 | _aPROBLEMAS EDUCATIVOS | |
| 653 | 0 | _aREEDUCACION | |
| 653 | 0 | _aFONOAUDIOLOGIA | |
| 653 | 0 | _aFONIATRIA | |
| 700 | 1 | _aMartínez Martínez, María José | |
| 700 | 1 | _aSabater Fernández, María Luisa | |
| 700 | 1 | _aVelasco Serrano, Roberto | |
| 700 | 1 | _aJabonero Blanco, Mariano | |
| 700 | 1 | _aLópez-Táppero, José V. | |
| 700 | 1 |
_aLópez-Táppero, Nieves _ecolaborador |
|
| 800 | 1 |
_aRioja Gómez, José _eeditor |
|
| 942 | _cBK | ||
| 998 | _cMARTIN | ||
| 999 |
_c7086 _d7086 |
||